Sports Quiz

Random Sports or Basketball Quiz

2019 NBA Regular Season Highest Point Games Quiz Stats

 Plays Quiz not verified by Sporcle

Score 0/22 Timer 06:00
0 Plays Today
Position Player % Correct
SGJames Harden
99.2%
SGJames Harden
99.2%
SGJames Harden
99.2%
SGJames Harden
99.2%
SGJames Harden
99.2%
SGJames Harden
99.2%
SGJames Harden
99.2%
SGJames Harden
99.2%
SGJames Harden
99.2%
PGStephen Curry
92.5%
SGKlay Thompson
87.2%
Position Player % Correct
SFLebron James
87.2%
SFKevin Durant
85.7%
SGDevin Booker
82.3%
SGDevin Booker
82.3%
PGKemba Walker
76.7%
PGDamian Lillard
73.3%
PFGiannis Antetokounmpo
69.2%
PFBlake Griffin
68.8%
PGDerrick Rose
62.4%
C/PFLaMarcus Aldridge
60.2%
SGJamal Crawford
41.7%

You're not logged in!

Compare scores with friends on all Sporcle quizzes.
OR
Log In

Sporcle TV

Today on Sporcle TV


Watch our educational content, quiz creation guides, and fun videos on Sporcle TV.

Show Comments

Extras

Top Quizzes Today


Score Distribution

Your Account Isn't Verified!

In order to create a playlist on Sporcle, you need to verify the email address you used during registration. Go to your Sporcle Settings to finish the process.

Report this User

Report this user for behavior that violates our Community Guidelines.

Details: